L'arithmétique des corps /

Guardado en:
Autor Principal: Ribenboim, Paulo.
Formato: Libro
Idioma:French
Publicado: Paris : Hermann, c1972.
Series:Collection Méthodes. Mathématique
Materias:
Etiquetas: Agregar Etiqueta
Sin Etiquetas, Sea el primero en etiquetar este registro!
LEADER 00778cam a22002415a 4500
001 MAT.inmabb002953
008 740423s1972####fr#######b####001#0#fre##
005 20130226180609.0
245 1 2 |a L'arithmétique des corps /  |c Paulo Ribenboim. 
260 |a Paris :  |b Hermann,  |c c1972. 
300 |a 245 p. ;  |c 22 cm. 
490 0 |a Collection Méthodes. Mathématique 
500 |a Basado en las notas de un curso del autor en la Faculté de Sciences de Paris, 1969-1970. 
504 |a Bibliografía: p. 235-240. 
510 4 |a MR,  |c 48 #8432 
020 |a 2705656650 
100 1 |a Ribenboim, Paulo. 
650 0 |a Algebraic fields. 
650 0 |a Galois theory. 
084 |a 12-02  |2 msc2000 
010 |a  73328608  
040 |a DLC  |c NRU  |d OCoLC  |d DLC 
859 |h 12  |i R484  |p A-4827  |b BIB. MATEMATICA